Como cultivar fresas, fresones y tomates /

Guardado en:
Autor Principal: Juscafresa, Baudilio
Formato: Libro
Publicado: España : Aedos, 1977
Edición:2a. ed.
Series:Biblioteca Agrícola Aedos
Materias:
Etiquetas: Agregar Etiqueta
Sin Etiquetas, Sea el primero en etiquetar este registro!
LEADER 00694nam a22002295a 4500
001 CEM.cems003529
008 130507s1977##################000#0#####d
005 20210826190424.0
003 CEMS
245 1 0 |a Como cultivar fresas, fresones y tomates /  |c Baudilio Juscafresa. 
250 |a 2a. ed. 
260 |a España :  |b Aedos,  |c 1977 
300 |a 207 p. 
490 0 |a Biblioteca Agrícola Aedos 
100 1 |a Juscafresa, Baudilio 
082 0 4 |a 634.7 
653 |a Agricultura 
653 |a Fresas-cultivo 
653 |a Fruticultura 
653 |a Tomate-cultivo 
859 |a CEMS  |b BIB. CEMS - 11 de abril  |h 634.7  |i J98a2  |p 11499.82  |t Ej.1 
859 |a CEMS  |b BIB. CEMS - Agricultura  |h 634.7  |i J98a2  |p A11499.82  |t Ej.1